00706nam a2200229Ia 4500003000900000008004100009040001300050040001300063041000800076100001900084245007000103250001200173260001000185260000900195300001100204300001000215490002300225490000700248942000700255999001700262952019700279IT-RoPAU120407s9999 xx 000 0 und d aIT-RoPAU cIT-RoPAU aita aJean Danielou  aL’avvenire della religione. Trad. dal franc. di Piera Zumaglino aTorino  aBorla c1969 a152 p. c21 cm aLe idee e la vita  v46 cBK c26103d26103 00102ddc406208_54600000000000071aPAULUSbPAULUSd2012-04-11l0o208.546r2012-04-11 00:00:00w2012-04-11yBKzInserito da: Mario In data: 06 agosto 2011 fondo: Via A.Severo 56 Progr:16893